[Event "IM Not A GM Speed Chess"]
[Site "chess.com INT"]
[Date "2020.05.01"]
[Round "2.6"]
[White "Shahade, Gregory"]
[Black "Yip, Carissa"]
[Result "1-0"]
[WhiteTitle "IM"]
[BlackTitle "IM"]
[WhiteElo "2476"]
[BlackElo "2420"]
[WhiteFideId "2009064"]
[BlackFideId "2090732"]
[EventDate "2020.04.18"]

1. e4 g6 2. d4 Bg7 3. Nc3 d6 4. Nf3 a6 5. Bf4 b5 6. e5 Nd7 7. Bd3 Bb7 8. Qe2 Nb6
9. O-O b4 10. Ne4 Nd5 11. Bg3 dxe5 12. Nxe5 Ngf6 13. Nc5 Qc8 14. a3 O-O 15. axb4
Nxb4 16. Bc4 a5 17. c3 Nbd5 18. Ra3 Nb6 19. Ba2 a4 20. Re1 Bd5 21. c4 Bb7 22.
Re3 Nh5 23. Nf3 Nxg3 24. hxg3 Bxf3 25. Rxf3 Bxd4 26. Qxe7 Qe8 27. Nd3 Qxe7 28.
Rxe7 c5 29. Rb7 Nc8 30. Rc7 Ra7 31. Rxa7 Nxa7 32. Bb1 Rb8 33. Bc2 Nc6 34. Bxa4
Ne5 35. Nxe5 Bxe5 36. b3 Bd4 37. Bc6 Kg7 38. g4 f6 39. g3 Kf7 40. Kg2 Ke7 41.
Rd3 Kd6 42. Bd5 Ke5 43. f4+ Kd6 44. Kf3 Rb6 45. Bg8 Rb8 46. Bxh7 g5 47. Be4 Rb6
48. Bd5 Rb8 49. Ke4 Re8+ 50. Kf5 Rb8 51. fxg5 fxg5 52. Kxg5 Rf8 53. Kh4 Ke5 54.
g5 Rh8+ 55. Kg4 Rh7 56. g6 Rg7 57. Kg5 Bb2 58. Kh6 1-0

[Event "IM Not A GM Speed Chess"]
[Site "chess.com INT"]
[Date "2020.05.01"]
[Round "2.7"]
[White "Yip, Carissa"]
[Black "Shahade, Gregory"]
[Result "1-0"]
[WhiteTitle "IM"]
[BlackTitle "IM"]
[WhiteElo "2420"]
[BlackElo "2476"]
[WhiteFideId "2090732"]
[BlackFideId "2009064"]
[EventDate "2020.04.18"]

1. e4 d5 2. exd5 Qxd5 3. Nc3 Qd8 4. d4 Nf6 5. Nf3 Bg4 6. Be3 e6 7. h3 Bxf3 8.
Qxf3 c6 9. O-O-O Nbd7 10. g4 Bb4 11. Bd2 Nd5 12. Ne4 Bxd2+ 13. Rxd2 N7f6 14. c4
Nxe4 15. Qxe4 Nf6 16. Qf4 Qa5 17. a3 h6 18. Bg2 O-O-O 19. Rc2 Qg5 20. Qxg5 hxg5
21. Rd1 Rd7 22. Rcd2 Rhd8 23. Kc2 Kc7 24. Kc3 Ng8 25. Re2 Ne7 26. Re5 Ng6 27.
Rxg5 Nf4 28. Bf1 f6 29. Ra5 a6 30. h4 g6 31. h5 gxh5 32. gxh5 Rh8 33. Re1 b6 34.
Rxa6 Kb7 35. c5 bxc5 36. dxc5 Rxh5 37. Rb6+ Kc7 38. Kc4 Rxc5+ 39. Kxc5 Rd5+ 40.
Kc4 Kxb6 41. Re4 e5 42. Kc3 Rc5+ 43. Kd2 Ne6 44. Bc4 Nd4 45. Kd3 Nf3 46. b4 Rxc4
47. Rxc4 f5 48. Ke3 e4 49. Kf4 Nd2 50. Rc2 Nb3 51. Rc3 Nd4 52. Ke5 Ne2 53. Re3
Nc1 54. Kxf5 Nd3 55. Kxe4 Nxf2+ 56. Kd4 1-0

[Event "IM Not A GM Speed Chess"]
[Site "chess.com INT"]
[Date "2020.05.01"]
[Round "2.8"]
[White "Shahade, Gregory"]
[Black "Yip, Carissa"]
[Result "1-0"]
[WhiteTitle "IM"]
[BlackTitle "IM"]
[WhiteElo "2476"]
[BlackElo "2420"]
[WhiteFideId "2009064"]
[BlackFideId "2090732"]
[EventDate "2020.04.18"]

1. e4 g6 2. d4 Bg7 3. Nc3 c6 4. Nf3 d5 5. h3 dxe4 6. Nxe4 Nf6 7. Nxf6+ exf6 8.
Bc4 O-O 9. O-O b5 10. Bb3 Nd7 11. c3 Nb6 12. Bf4 Nd5 13. Bh2 Be6 14. Re1 Qd7 15.
Nd2 Rfe8 16. Ne4 Bf5 17. Nc5 Qd8 18. Qd2 a5 19. Rxe8+ Qxe8 20. a4 Nb6 21. axb5
cxb5 22. Re1 Qc8 23. Re7 Nc4 24. Qe2 Bf8 25. Rc7 Qe8 26. Bxc4 bxc4 27. Qxc4 Qe1+
28. Qf1 Qd2 29. Bg3 Bxc5 30. Rxc5 Bd3 31. Qa1 Re8 32. Qxa5 Re1+ 33. Kh2 Qc1 34.
Bd6 Kg7 35. Qd8 Rh1+ 36. Kg3 g5 37. Qf8+ Kg6 38. Qg8+ Kh6 39. Bf8+ Kh5 40. Qxf7+
Bg6 41. Qxf6 Qd2 42. Qf3# 1-0

[Event "IM Not A GM Speed Chess"]
[Site "chess.com INT"]
[Date "2020.05.01"]
[Round "2.9"]
[White "Yip, Carissa"]
[Black "Shahade, Gregory"]
[Result "0-1"]
[WhiteTitle "IM"]
[BlackTitle "IM"]
[WhiteElo "2420"]
[BlackElo "2476"]
[WhiteFideId "2090732"]
[BlackFideId "2009064"]
[EventDate "2020.04.18"]

1. e4 e5 2. Nc3 Nf6 3. f4 d5 4. fxe5 Nxe4 5. Qf3 f5 6. d3 Nxc3 7. bxc3 d4 8. Qg3
Be6 9. Be2 dxc3 10. Bf3 Nc6 11. Bxc6+ bxc6 12. Ne2 Qd7 13. Be3 h6 14. Nd4 g5 15.
Nxe6 Qxe6 16. Bd4 Bb4 17. O-O O-O 18. a3 Ba5 19. Kh1 Rfd8 20. Be3 Kh7 21. d4 f4
22. Bxf4 gxf4 23. Rxf4 Rg8 24. Qf2 Rg7 25. Rf6 Qg4 26. h3 Qg5 27. Rf1 Bb6 28.
Rxc6 Bxd4 29. Qf3 Bxe5 30. Qe4+ Kh8 31. Re6 Rag8 32. Rxe5 Qxg2+ 33. Qxg2 Rxg2
34. Rc5 Rxc2 35. Rxc7 a5 36. a4 Re8 37. Rg1 Rd2 38. Rxc3 Rd4 39. Ra1 Re2 40. Kg1
Rdd2 41. Kf1 Rh2 0-1

[Event "IM Not A GM Speed Chess"]
[Site "chess.com INT"]
[Date "2020.04.29"]
[Round "2.10"]
[White "Shahade, Gregory"]
[Black "Yip, Carissa"]
[Result "1/2-1/2"]
[WhiteTitle "IM"]
[BlackTitle "IM"]
[WhiteElo "2476"]
[BlackElo "2420"]
[WhiteFideId "2009064"]
[BlackFideId "2090732"]
[EventDate "2020.04.18"]

1. e4 e5 2. Nf3 Nc6 3. Bb5 a6 4. Ba4 Nf6 5. O-O Be7 6. d3 d6 7. c3 O-O 8. h3 b5
9. Bc2 Nb8 10. d4 Nbd7 11. Re1 Bb7 12. Nbd2 Re8 13. Nf1 Bf8 14. Ng3 g6 15. b3
Bg7 16. Bb2 c6 17. Qd2 Qc7 18. Rad1 Rad8 19. dxe5 dxe5 20. c4 Nc5 21. Qe3 Nfd7
22. b4 Na4 23. Bxa4 bxa4 24. c5 a5 25. a3 Nf8 26. Qc3 axb4 27. Qxb4 Ne6 28. Rd6
Bf8 29. Rxd8 Nxd8 30. Rd1 Ba6 31. Bxe5 Qc8 32. Bd6 Nb7 33. e5 Bg7 34. Qxa4 Bb5
35. Qf4 Qe6 36. Nd4 Qd5 37. Rd2 Nxd6 38. Nxb5 Bxe5 39. Rxd5 Bxf4 40. Rxd6 Re1+
41. Kh2 cxb5 42. Rb6 Rc1 43. Rxb5 Kg7 44. h4 Rc4 45. Rb4 Bxg3+ 46. Kxg3 Rxc5 47.
Rb2 Rc3+ 48. f3 Rxa3 49. Rb7 Ra5 50. Kg4 Re5 51. Kh3 h5 52. Kg3 Rf5 53. Kf2 Rf6
54. Rb5 Re6 55. Ra5 Rd6 56. Ke3 Re6+ 57. Kf4 Rf6+ 58. Ke4 Re6+ 59. Re5 Rd6 60.
Kf4 Rf6+ 61. Kg3 Rd6 62. Ra5 Re6 63. Rb5 1/2-1/2

[Event "IM Not A GM Speed Chess"]
[Site "chess.com INT"]
[Date "2020.05.01"]
[Round "2.11"]
[White "Yip, Carissa"]
[Black "Shahade, Gregory"]
[Result "0-1"]
[WhiteTitle "IM"]
[BlackTitle "IM"]
[WhiteElo "2420"]
[BlackElo "2476"]
[WhiteFideId "2090732"]
[BlackFideId "2009064"]
[EventDate "2020.04.18"]

1. e4 e5 2. Nc3 Nf6 3. f4 d5 4. fxe5 Nxe4 5. Qf3 f5 6. d3 Nxc3 7. bxc3 d4 8. Qg3
dxc3 9. Be2 Be6 10. Bf3 Nc6 11. Bxc6+ bxc6 12. Ne2 Qd7 13. Be3 h6 14. Nd4 g5 15.
Qf3 Bd5 16. e6 Bxe6 17. Nxe6 Qxe6 18. O-O O-O-O 19. Bxa7 Rd5 20. Rfe1 Qd7 21.
Rab1 Bc5+ 22. Bxc5 Rxc5 23. Qe3 Rb5 24. a4 Rxb1 25. Rxb1 Rd8 26. Kh1 Qd5 27. Rb4
f4 28. Qa7 f3 29. Qb7+ Kd7 30. Re4 f2 31. Qb1 Rf8 32. Qf1 h5 33. h3 g4 34. h4 g3
35. Re3 Rf4 36. Re4 Qxe4 37. dxe4 Rxh4# 0-1

[Event "IM Not A GM Speed Chess"]
[Site "chess.com INT"]
[Date "2020.05.01"]
[Round "2.12"]
[White "Shahade, Gregory"]
[Black "Yip, Carissa"]
[Result "1-0"]
[WhiteTitle "IM"]
[BlackTitle "IM"]
[WhiteElo "2476"]
[BlackElo "2420"]
[WhiteFideId "2009064"]
[BlackFideId "2090732"]
[EventDate "2020.04.18"]

1. e4 e5 2. Nf3 Nc6 3. Bc4 Nf6 4. d3 h6 5. c3 d6 6. Nbd2 g5 7. h3 Qe7 8. Nf1 Be6
9. Ne3 O-O-O 10. Qa4 Kb8 11. Nd5 Bxd5 12. exd5 e4 13. dxc6 exf3+ 14. Be3 a6 15.
Bxa6 Nd5 16. Qb5 Nb6 17. O-O fxg2 18. Rfe1 Qe5 19. Qb3 Qa5 20. Bxb7 Bg7 21. Qxf7
Be5 22. b4 1-0

[Event "IM Not A GM Speed Chess"]
[Site "chess.com INT"]
[Date "2020.05.01"]
[Round "2.13"]
[White "Yip, Carissa"]
[Black "Shahade, Gregory"]
[Result "1-0"]
[WhiteTitle "IM"]
[BlackTitle "IM"]
[WhiteElo "2420"]
[BlackElo "2476"]
[WhiteFideId "2090732"]
[BlackFideId "2009064"]
[EventDate "2020.04.18"]

1. b4 e5 2. Bb2 d6 3. c4 Nf6 4. e3 g6 5. d4 exd4 6. exd4 Bg7 7. Nf3 O-O 8. Be2
Re8 9. O-O Nc6 10. b5 Ne7 11. Nc3 d5 12. c5 Nf5 13. Rc1 Ne4 14. Re1 Be6 15. a4
Nh4 16. Nxh4 Qxh4 17. g3 Qg5 18. Bf3 Nd2 19. Bg2 Bxd4 20. Re2 Bxc3 21. Bxc3 Ne4
22. Ba1 h5 23. f4 Qe7 24. Qd4 f6 25. f5 Bxf5 26. Qxd5+ Kh7 27. Rce1 Rad8 28. Qc4
Be6 29. Qxe4 Qxc5+ 30. Qe3 Qxe3+ 31. Rxe3 1-0

[Event "IM Not A GM Speed Chess"]
[Site "chess.com INT"]
[Date "2020.05.01"]
[Round "2.14"]
[White "Shahade, Gregory"]
[Black "Yip, Carissa"]
[Result "0-1"]
[WhiteTitle "IM"]
[BlackTitle "IM"]
[WhiteElo "2476"]
[BlackElo "2420"]
[WhiteFideId "2009064"]
[BlackFideId "2090732"]
[EventDate "2020.04.18"]

1. e4 c5 2. Nf3 d6 3. Bb5+ Bd7 4. Bxd7+ Qxd7 5. c4 Nc6 6. Nc3 g6 7. d4 cxd4 8.
Nxd4 Bg7 9. Be3 Nf6 10. f3 O-O 11. O-O Rfc8 12. b3 Rab8 13. Qd3 a6 14. Nd5 Nxd5
15. cxd5 Nxd4 16. Bxd4 Qb5 17. Qd2 Bxd4+ 18. Qxd4 Rc2 19. Rf2 Rbc8 20. Raf1 Rxf2
21. Qxf2 Qd3 22. Qb6 Rc2 23. h3 Rxa2 24. Rf2 Qb1+ 25. Rf1 Qc2 26. Rf2 Qxf2+ 27.
Qxf2 Rxf2 28. Kxf2 Kf8 29. Ke3 Ke8 30. Kd4 Kd7 31. b4 Kc7 32. Kc4 Kb6 33. b5 a5
34. g3 a4 35. f4 a3 36. Kb3 Kxb5 37. Kxa3 Kc4 38. Ka4 b5+ 0-1

[Event "IM Not A GM Speed Chess"]
[Site "chess.com INT"]
[Date "2020.05.01"]
[Round "2.15"]
[White "Yip, Carissa"]
[Black "Shahade, Gregory"]
[Result "1-0"]
[WhiteTitle "IM"]
[BlackTitle "IM"]
[WhiteElo "2420"]
[BlackElo "2476"]
[WhiteFideId "2090732"]
[BlackFideId "2009064"]
[EventDate "2020.04.18"]

1. e4 d5 2. exd5 Qxd5 3. Nc3 Qd8 4. d4 Nf6 5. Nf3 Bg4 6. Be3 c6 7. h3 Bxf3 8.
Qxf3 e6 9. Bd3 Bb4 10. O-O Nbd7 11. a3 Be7 12. Rad1 O-O 13. Ne4 Nxe4 14. Qxe4
Nf6 15. Qf3 Qd5 16. Be2 Qxf3 17. Bxf3 Rfd8 18. c4 Rd7 19. Rd2 Rad8 20. Rfd1 h6
21. Kf1 Bd6 22. g3 Bc7 23. Ke2 Bb6 24. b4 a5 25. c5 Ba7 26. bxa5 Bb8 27. Rb2 Bc7
28. Rxb7 Bxa5 29. Rxd7 Rxd7 30. Bxc6 Ra7 31. Rb1 Bc3 32. a4 Nd5 33. Bxd5 exd5
34. Rb3 Ba5 35. c6 Rc7 36. Rb5 Bc3 37. Rc5 Bb4 38. Rc2 f5 39. Bf4 Rc8 40. c7 Kf7
41. Rb2 g5 42. Be5 1-0

[Event "IM Not A GM Speed Chess"]
[Site "chess.com INT"]
[Date "2020.05.01"]
[Round "2.16"]
[White "Shahade, Gregory"]
[Black "Yip, Carissa"]
[Result "1-0"]
[WhiteTitle "IM"]
[BlackTitle "IM"]
[WhiteElo "2476"]
[BlackElo "2420"]
[WhiteFideId "2009064"]
[BlackFideId "2090732"]
[EventDate "2020.04.18"]

1. e4 c5 2. Nf3 d6 3. c3 Nf6 4. Bd3 g6 5. Bc2 Bg7 6. O-O O-O 7. d4 cxd4 8. cxd4
Nc6 9. Nc3 Bg4 10. Be3 Nd7 11. h3 Bxf3 12. gxf3 e5 13. d5 Nd4 14. Bxd4 exd4 15.
Ne2 Rc8 16. Bb3 Qg5+ 17. Kh1 Qh5 18. Ng1 Ne5 19. f4 Qxd1 20. Raxd1 Nc4 21. Bxc4
Rxc4 22. Rd2 Rfc8 23. Nf3 d3 24. Re1 Re8 25. Rxd3 Rcxe4 26. Ree3 Rxe3 27. fxe3
Bxb2 28. Kg2 Rc8 29. Ng5 Rc2+ 30. Kf3 Bg7 31. Ne4 Bf8 32. Ra3 a6 33. Rb3 Rxa2
34. Rxb7 Ra5 35. Ng5 Rxd5 36. Nxf7 Rb5 37. Ra7 a5 38. Ng5 d5 39. Nxh7 Bg7 40.
Ng5 d4 41. Ra8+ Bf8 42. Ne6 d3 43. Rxf8+ Kh7 44. Rf7+ Kg8 45. Rg7+ Kh8 46. Rd7
Rb3 47. Nc5 Rc3 48. Nxd3 a4 49. Ne5 a3 50. Ra7 1-0

[Event "IM Not A GM Speed Chess"]
[Site "chess.com INT"]
[Date "2020.05.01"]
[Round "2.17"]
[White "Yip, Carissa"]
[Black "Shahade, Gregory"]
[Result "1-0"]
[WhiteTitle "IM"]
[BlackTitle "IM"]
[WhiteElo "2420"]
[BlackElo "2476"]
[WhiteFideId "2090732"]
[BlackFideId "2009064"]
[EventDate "2020.04.18"]

1. e4 d5 2. exd5 Qxd5 3. Nc3 Qd8 4. d4 Nf6 5. Nf3 Bg4 6. Be3 e6 7. h3 Bxf3 8.
Qxf3 c6 9. Bd3 Bb4 10. a3 Bxc3+ 11. bxc3 Qa5 12. Bd2 Qd5 13. Qg3 O-O 14. O-O Re8
15. Rae1 Nbd7 16. Be3 Qa5 17. c4 Qxa3 18. Bh6 Qf8 19. Bg5 g6 20. h4 Qg7 21. Qc7
Reb8 22. Re3 a5 23. h5 a4 24. Rf3 Rc8 25. Qxb7 Rcb8 26. Qc7 Rc8 27. Qd6 a3 28.
h6 Qh8 29. Bxf6 Nxf6 30. Qe7 a2 31. Rxf6 Rc7 32. Qxc7 Qxf6 33. Ra1 Qxd4 34. Rxa2
Re8 35. Ra7 Qf4 36. Qxf4 e5 37. Qxf7+ 1-0

[Event "IM Not A GM Speed Chess"]
[Site "chess.com INT"]
[Date "2020.05.01"]
[Round "2.18"]
[White "Shahade, Gregory"]
[Black "Yip, Carissa"]
[Result "1-0"]
[WhiteTitle "IM"]
[BlackTitle "IM"]
[WhiteElo "2476"]
[BlackElo "2420"]
[WhiteFideId "2009064"]
[BlackFideId "2090732"]
[EventDate "2020.04.18"]

1. e4 c5 2. Nf3 d6 3. c3 Nf6 4. h3 g6 5. Bd3 Bg7 6. Bc2 O-O 7. O-O Nc6 8. d4
cxd4 9. cxd4 Nb4 10. Bb3 a5 11. Nc3 b6 12. Re1 Ba6 13. Bg5 h6 14. Be3 Rc8 15.
Qd2 Nd3 16. Red1 Kh7 17. e5 dxe5 18. dxe5 Nd7 19. Nd5 e6 20. Nf4 N7xe5 21. Nxe5
Nxe5 22. Qxd8 Rfxd8 23. Bxb6 Rxd1+ 24. Rxd1 g5 25. Nh5 Bh8 26. Bxa5 Kg6 27. Ng3
Nd3 28. Ne4 Bxb2 29. Nd6 Rc5 30. Bd2 Bd4 31. Ne4 Re5 32. Bc2 Rxe4 33. Be3 Bxe3
34. Rxd3 Bxd3 35. Bxd3 Kf5 36. fxe3 Ke5 37. Bxe4 Kxe4 38. Kf2 Kd5 39. Kf3 Kc4
40. Kg4 Kd3 41. a4 Kxe3 42. a5 Kd4 43. a6 e5 44. a7 e4 45. a8=Q 1-0

[Event "IM Not A GM Speed Chess"]
[Site "chess.com INT"]
[Date "2020.05.01"]
[Round "2.19"]
[White "Yip, Carissa"]
[Black "Shahade, Gregory"]
[Result "1/2-1/2"]
[WhiteTitle "IM"]
[BlackTitle "IM"]
[WhiteElo "2420"]
[BlackElo "2476"]
[WhiteFideId "2090732"]
[BlackFideId "2009064"]
[EventDate "2020.04.18"]

1. e4 d5 2. exd5 Qxd5 3. Nc3 Qd8 4. d4 Nf6 5. Nf3 Bg4 6. Be3 c6 7. h3 Bxf3 8.
Qxf3 e6 9. Bd3 Bb4 10. Qg3 O-O 11. Bh6 Ne8 12. Be3 Nd7 13. a3 Bd6 14. Qf3 Nef6
15. O-O-O Qa5 16. Kb1 Bxa3 17. Ne4 Be7 18. Bg5 Rfe8 19. Bxf6 Nxf6 20. Nxf6+ Bxf6
21. Qe4 g6 22. h4 Qd5 23. c4 Qxd4 24. Qxd4 Bxd4 25. Bxg6 hxg6 26. Rxd4 Rad8 27.
Rhd1 Rxd4 28. Rxd4 Re7 29. Kc2 Kg7 30. Kd3 e5 31. Rd8 f5 32. Ke3 Kf6 33. Rd6+
Kf7 34. Rd8 Kf6 35. Rd6+ Kg7 36. Rd8 b6 37. Rd6 c5 38. Rd8 Kf7 39. Rd6 Re6 40.
Rd7+ Re7 41. Rd8 Kg7 42. Rd6 Rf7 43. Rd8 Rc7 44. Rd6 Rb7 45. Rd8 b5 46. cxb5
Rxb5 47. Rd7+ Kf6 48. Rxa7 Rb3+ 49. Ke2 Rxb2+ 50. Kf3 Rc2 51. Ra6+ Kf7 52. Ra7+
Kf6 53. Ra6+ Kg7 54. Rc6 c4 55. Ke3 e4 56. f3 exf3 57. gxf3 Kh6 58. Kf4 Rc1 59.
Ke5 c3 60. Kf6 c2 61. Rc8 Kh7 62. Rc7+ Kg8 63. Rc8+ Kh7 64. Rc7+ Kh6 65. Rc8 Kh7 1/2-1/2

[Event "IM Not A GM Speed Chess"]
[Site "chess.com INT"]
[Date "2020.04.30"]
[Round "2.20"]
[White "Shahade, Gregory"]
[Black "Yip, Carissa"]
[Result "1/2-1/2"]
[WhiteTitle "IM"]
[BlackTitle "IM"]
[WhiteElo "2476"]
[BlackElo "2420"]
[WhiteFideId "2009064"]
[BlackFideId "2090732"]
[EventDate "2020.04.18"]

1. e4 c5 2. Nf3 d6 3. c3 Nf6 4. Bd3 g6 5. h3 Bg7 6. Bc2 O-O 7. O-O b6 8. d3 Bb7
9. Re1 Nbd7 10. Nbd2 e5 11. Qe2 b5 12. a4 a6 13. Nf1 Qc7 14. Bg5 h6 15. Bxf6
Nxf6 16. Ne3 Rfe8 17. axb5 axb5 18. Bb3 c4 19. dxc4 bxc4 20. Qxc4 Qxc4 21. Bxc4
Bxe4 22. Nd2 Bc6 23. Be2 d5 24. Ng4 Nxg4 25. hxg4 e4 26. Red1 Reb8 27. b4 Rxa1
28. Rxa1 Bxc3 29. Rc1 d4 30. Nb1 Rxb4 31. Nxc3 dxc3 32. Rxc3 Bd7 33. Rc7 Be6 34.
Rc2 Rb1+ 35. Kh2 Kg7 36. Kg3 Kf6 37. Rd2 Rb3+ 38. Kh2 e3 39. fxe3 Rxe3 40. Bf3
Kg5 41. Rd4 Re5 42. Rb4 Rc5 43. Kg3 Rc4 44. Rb5+ Kf6 45. Ra5 g5 46. Rb5 Kg6 47.
Ra5 Rd4 48. Rb5 Rc4 49. Ra5 Rd4 1/2-1/2

[Event "IM Not A GM Speed Chess"]
[Site "chess.com INT"]
[Date "2020.05.01"]
[Round "2.21"]
[White "Yip, Carissa"]
[Black "Shahade, Gregory"]
[Result "1/2-1/2"]
[WhiteTitle "IM"]
[BlackTitle "IM"]
[WhiteElo "2420"]
[BlackElo "2476"]
[WhiteFideId "2090732"]
[BlackFideId "2009064"]
[EventDate "2020.04.18"]

1. e4 d5 2. exd5 Qxd5 3. Nc3 Qd8 4. d4 Nf6 5. Bc4 Bf5 6. Nf3 c6 7. Ne5 e6 8. g4
Be4 9. f3 Bd5 10. Nxd5 exd5 11. Bd3 Be7 12. Qe2 Qb6 13. c3 Nbd7 14. Be3 Qd8 15.
Nxd7 Qxd7 16. O-O-O O-O 17. g5 Ne8 18. f4 Nd6 19. Qc2 g6 20. h4 Rfe8 21. Bd2 Bf8
22. Rde1 Rxe1+ 23. Rxe1 Re8 24. h5 Rxe1+ 25. Bxe1 Qg4 26. hxg6 hxg6 27. Bd2 Qg1+
28. Qd1 Qxd1+ 29. Kxd1 Be7 30. Ke2 Kg7 31. Kf3 f5 32. gxf6+ Kxf6 33. Be1 Nf5 34.
Bf2 Bd6 35. Bc2 Bc7 36. Bd3 Bd6 37. Kg4 Bc7 38. Bxf5 gxf5+ 39. Kf3 Ke6 40. Bh4
Bd6 41. Bg3 Kf7 42. Ke3 Kg6 43. Kf3 Kh5 44. Bf2 Be7 45. Bg3 Bh4 46. Bh2 Be1 47.
Bg1 Kh4 48. Ke2 Bg3 49. Kf3 Kh3 50. a3 Bh4 51. Be3 Be7 52. Bd2 Kh4 53. Be1+ Kh5
54. Bf2 Bh4 55. Be3 Be1 56. Ke2 Bh4 57. Kf3 Bd8 58. Bf2 Bc7 59. Bg1 Bd6 60. Bf2
Be7 1/2-1/2

[Event "IM Not A GM Speed Chess"]
[Site "chess.com INT"]
[Date "2020.05.01"]
[Round "2.22"]
[White "Shahade, Gregory"]
[Black "Yip, Carissa"]
[Result "1-0"]
[WhiteTitle "IM"]
[BlackTitle "IM"]
[WhiteElo "2476"]
[BlackElo "2420"]
[WhiteFideId "2009064"]
[BlackFideId "2090732"]
[EventDate "2020.04.18"]

1. b3 e5 2. Bb2 d6 3. g3 g6 4. Bg2 Bg7 5. d3 Ne7 6. Nd2 O-O 7. e4 Nd7 8. Ngf3 f5
9. O-O f4 10. Qe2 Nc5 11. d4 Nd7 12. dxe5 dxe5 13. Nc4 Nc6 14. Rad1 Qe8 15. Qd3
Kh8 16. a4 b6 17. Qd5 Bb7 18. Qxd7 1-0

[Event "IM Not A GM Speed Chess"]
[Site "chess.com INT"]
[Date "2020.05.14"]
[Round "3.1"]
[White "Kashlinskaya, Alina"]
[Black "Coleman, Teddy"]
[Result "1-0"]
[WhiteTitle "IM"]
[BlackTitle "IM"]
[WhiteElo "2494"]
[BlackElo "2333"]
[WhiteFideId "4198026"]
[BlackFideId "2022010"]
[EventDate "2020.04.18"]

1. d4 d5 2. c4 e6 3. Nc3 c6 4. e4 dxe4 5. Nxe4 Bb4+ 6. Bd2 Qxd4 7. Bxb4 Qxe4+ 8.
Be2 a5 9. Bc3 Ne7 10. Bxg7 Rg8 11. Qd4 Qxg2 12. O-O-O Nd7 13. Bf6 Nf5 14. Qb6
Ne7 15. Qc7 Qxf2 16. Bd4 Qf5 17. Bb6 Qg5+ 18. Rd2 Nf5 19. Nf3 Qe7 20. Rhd1 Rg2
21. Ne5 Rxe2 22. Rxe2 Nxb6 23. Qxb6 Ra6 24. Qg1 1-0

[Event "IM Not A GM Speed Chess"]
[Site "chess.com INT"]
[Date "2020.05.16"]
[Round "3.2"]
[White "Coleman, Teddy"]
[Black "Kashlinskaya, Alina"]
[Result "0-1"]
[WhiteTitle "IM"]
[BlackTitle "IM"]
[WhiteElo "2333"]
[BlackElo "2494"]
[WhiteFideId "2022010"]
[BlackFideId "4198026"]
[EventDate "2020.04.18"]

1. d4 Nf6 2. c4 g6 3. Nc3 Bg7 4. e4 d6 5. Be2 O-O 6. Be3 e5 7. d5 Na6 8. h4 Nc5
9. Qc2 c6 10. h5 cxd5 11. cxd5 Qa5 12. h6 Bh8 13. Bd2 Bd7 14. Nh3 Rac8 15. Ng5
Qd8 16. Qd1 Ne8 17. b4 Na6 18. a3 Rxc3 19. Nxh7 Kxh7 20. Bxc3 f5 21. exf5 Bxf5
22. Qd2 Nf6 23. f3 Nc7 24. Bc4 b5 25. Bb3 Qa8 26. Rd1 Ng8 27. O-O Qd8 28. Rf2
Bf6 29. g4 Bc8 30. Re1 Bh4 0-1

[Event "IM Not A GM Speed Chess"]
[Site "chess.com INT"]
[Date "2020.05.14"]
[Round "3.3"]
[White "Kashlinskaya, Alina"]
[Black "Coleman, Teddy"]
[Result "1/2-1/2"]
[WhiteTitle "IM"]
[BlackTitle "IM"]
[WhiteElo "2494"]
[BlackElo "2333"]
[WhiteFideId "4198026"]
[BlackFideId "2022010"]
[EventDate "2020.04.18"]

1. d4 d5 2. c4 e6 3. Nc3 c6 4. e4 dxe4 5. Nxe4 Bb4+ 6. Bd2 Qxd4 7. Bxb4 Qxe4+ 8.
Be2 a5 9. Ba3 Nd7 10. Nf3 c5 11. O-O Ngf6 12. Bd3 Qf4 13. b3 b6 14. Bc1 Qc7 15.
Qe2 Bb7 16. Bb2 O-O 17. Rad1 a4 18. Bb1 axb3 19. axb3 Rfd8 20. Rfe1 Qf4 21. Ne5
Qg5 22. f3 Nxe5 23. Bxe5 Bc6 24. Bc7 Rdc8 25. Be5 Rd8 26. Bc7 Rdc8 27. Be5 Rd8 1/2-1/2

[Event "IM Not A GM Speed Chess"]
[Site "chess.com INT"]
[Date "2020.05.14"]
[Round "3.4"]
[White "Coleman, Teddy"]
[Black "Kashlinskaya, Alina"]
[Result "0-1"]
[WhiteTitle "IM"]
[BlackTitle "IM"]
[WhiteElo "2333"]
[BlackElo "2494"]
[WhiteFideId "2022010"]
[BlackFideId "4198026"]
[EventDate "2020.04.18"]

1. d4 Nf6 2. c4 g6 3. Nc3 Bg7 4. e4 d6 5. Be2 O-O 6. Be3 e5 7. d5 Na6 8. h4 Nc5
9. Qc2 c6 10. h5 cxd5 11. cxd5 Qa5 12. h6 Bh8 13. Bd2 Bd7 14. Nh3 Rac8 15. Ng5
Qd8 16. Qd1 a5 17. Rb1 Ne8 18. b3 Bf6 19. Nf3 Be7 20. O-O f5 21. exf5 Bxf5 22.
Rc1 Nf6 23. Na4 Nfe4 24. Nxc5 Nxc5 25. Be3 Bf6 26. a3 Qd7 27. b4 axb4 28. axb4
Ne4 29. Qb3 g5 30. Nd2 Nxd2 31. Bxd2 e4 32. Be3 Qe7 33. b5 Be5 34. b6 Qf6 35.
Rxc8 Rxc8 36. Rc1 Ra8 37. g3 Qxh6 38. Qb4 Qh3 39. Bf1 Qg4 40. Qd2 Qh5 41. Bxg5
Bg4 42. Bf4 Bf3 43. Bg2 Rf8 44. Bxe5 Qxe5 45. Rc7 Ra8 46. Kh2 Qh5+ 47. Kg1 Ra1+
48. Rc1 Rxc1+ 49. Qxc1 Qxd5 50. Qf4 Bxg2 51. Kxg2 e3+ 52. Kg1 Qd1+ 53. Kh2 e2
54. Qg5+ Kf7 55. Qf5+ Ke7 56. Qg5+ Kd7 57. Qf5+ Kc6 58. Qe4+ Kxb6 59. Qe3+ Kb5
60. Qg5+ Kc4 61. Qf4+ Kc3 62. Qe3+ Qd3 0-1

[Event "IM Not A GM Speed Chess"]
[Site "chess.com INT"]
[Date "2020.05.14"]
[Round "3.5"]
[White "Kashlinskaya, Alina"]
[Black "Coleman, Teddy"]
[Result "0-1"]
[WhiteTitle "IM"]
[BlackTitle "IM"]
[WhiteElo "2494"]
[BlackElo "2333"]
[WhiteFideId "4198026"]
[BlackFideId "2022010"]
[EventDate "2020.04.18"]

1. d4 d5 2. c4 e6 3. Nf3 Nf6 4. Nc3 c6 5. Bg5 Nbd7 6. e3 Qa5 7. cxd5 Nxd5 8. Rc1
b6 9. Be2 h6 10. Bh4 Nxc3 11. bxc3 Ba3 12. Rc2 Ba6 13. O-O Bxe2 14. Qxe2 O-O 15.
e4 Rfe8 16. e5 c5 17. Nd2 cxd4 18. cxd4 b5 19. Ne4 Rac8 20. Nd6 Bxd6 21. exd6
Qa4 22. Rxc8 Rxc8 23. Rd1 Rc2 24. Qf3 Rxa2 25. h3 b4 26. Qa8+ Kh7 27. Qe8 Qxd1+ 0-1